| 000 | 00625cam a22002053u 4500 | ||
|---|---|---|---|
| 020 | _a0784476314 | ||
| 020 | _a9780784476314 | ||
| 082 |
_a624.154 _bMOH _cL-16, P-55 |
||
| 100 |
_a Mohan, Dinesh. _942575 |
||
| 245 | 0 | 0 | _a Pile Foundations |
| 260 |
_aNew Delhi : _bOxford &V IBH Publishing Co. PVT LTD, _c1988c. |
||
| 300 | _aix, 169 p.: | ||
| 500 | _aTitle from content provider. | ||
| 526 |
_a0 _b0 _c0 _d624_154000000000000_MOH |
||
| 526 |
_a0 _b0 _c0 _d624_154000000000000_MOH |
||
| 650 |
_aMCE _9379 |
||
| 700 | 1 |
_aSevi. _942576 |
|
| 856 | 4 | 0 | _uhttp://www.columbia.edu/cgi-bin/cul/resolve?clio10354976 |
| 942 |
_2ddc _cBK |
||
| 999 |
_c546452 _d546452 |
||